00606nam a2200169 a 450000100100000000500170001000800410002704000250006808200230009310000310011624500630014726000350021030000220024550400310026795201210029899900170041900004637720201002052828.0150806s1990 dr 000 0 spa d aDO-SdBNPbspacBNPHU axxxxxxxxbxxxxxxxx1 aRodríguez, José92300210aAbono organico :bimportancia y uso /cJosé Rodríguez. aSanto Domingo :bEdeco,c1990. a28 p. : ;c21 cm. aBibliografías : p. 27-28 0010718PDaPDbPDcHDd2015-08-06iLF1l0oxxxxxxxx xxxxxxxxp46377-10r2020-06-25w2020-06-25yLFPDZNo se presta c45866d45866